Socialisme et communisme français (notice n° 1983270)
[ vue normale ]
| 000 -LEADER | |
|---|---|
| fixed length control field | 00839cam a2200133 4500500 |
| 005 - DATE AND TIME OF LATEST TRANSACTION | |
| control field | 20260329043132.0 |
| 041 ## - LANGUAGE CODE | |
| Language code of text/sound track or separate title | fre |
| 042 ## - AUTHENTICATION CODE | |
| Authentication code | dc |
| 100 10 - MAIN ENTRY--PERSONAL NAME | |
| Personal name | Willard, Claude |
| Relator term | author |
| 245 00 - TITLE STATEMENT | |
| Title | Socialisme et communisme français |
| 260 ## - PUBLICATION, DISTRIBUTION, ETC. | |
| Name of publisher, distributor, etc. | Armand Colin,<br/> |
| Date of publication, distribution, etc. | 2015.<br/> |
| 520 ## - SUMMARY, ETC. | |
| Summary, etc. | Organisée autour d’une structure ternaire ~ le socialisme prémarxiste, l’itinéraire qui conduit des sectes rivales à un parti unifié, la vieille et la nouvelle maison, cette édition tient compte des nouvelles lectures de Fourier et introduit des modifications sensibles dans les pages qui traitent de la juxtaposition du socialisme et du communisme jusqu’à l’échec électoral de mars 1978. Un livre de référence |
| 856 41 - ELECTRONIC LOCATION AND ACCESS | |
| Uniform Resource Identifier | <a href="https://shs.cairn.info/socialisme-et-communisme-francais--9782200321710?lang=fr&redirect-ssocas=7080">https://shs.cairn.info/socialisme-et-communisme-francais--9782200321710?lang=fr&redirect-ssocas=7080</a> |
Pas d'exemplaire disponible.




Réseaux sociaux